000 004820000a22001810004500
041 0 _aENG
082 0 4 _aG 232.931 B9321m
100 1 _aBuksbazen, Víctor (1903-)
245 1 0 _aMiriam : The virgin of Nazareth / Víctor Buksbazen
260 _aPhiladelphia, PA., USA : Spearhead
300 _a239 Pag
650 1 4 _aVIRGEN MARIA
001 4099
942 _cBK
999 _c34713
_d34713
336 _atexto
_btxt
_2rdacontent
337 _2rdamedia
_asin mediación
_bn
338 _2rdacarrier
_avolumen
_bnc